000 00644cam a2200241 4500
001 4553527
003 OSt
005 20250901165803.0
008 730515s1973 nyub 000 1 eng
010 _a 72097092
020 _a0385047002
040 _aDLC
_cDLC
_dDLC
050 0 0 _aPZ 4 .J77 1973
_bTo
_aPS3560.O49
082 0 0 _a813/.5/4
100 1 _aJones, James,
_d1921-1977.
245 1 2 _aA touch of danger.
250 _a[1st ed.]
260 _aGarden City, N.Y.,
_bDoubleday,
_c1973.
300 _a431 p.
_bmap (on lining papers)
_c22 cm.
350 _a$7.95
906 _a7
_bcbc
_corignew
_d2
_eopcn
_f19
_gy-gencatlg
942 _2lcc
_cBK
999 _c9232
_d9232